000 00507nam a2200169 a 4500
005 20140412111322.0
008 001208s19uu xx 00 eng d
050 _aER
_bSn1 1995
100 _aBaldassarre, Carl
245 _aSnow White /
_cCarl Baldassarre ; illustrated by Ethan Summers.
260 _aNew York :
_bGoodtimes Publishing,
_c1993.
300 _a16 p. ; ill.
440 _aGoodtimes Storybook Classsic
650 _aChildren's stories -- Fiction
650 _aFolktales
999 _c104428
_d104428